| 000 | 00851nac a22002411u 4500 | ||
|---|---|---|---|
| 090 | _c9983 | ||
| 008 | 080825t xxu||||| |||| 00| 0 eng d | ||
| 010 | _a 73169810 | ||
| 020 | _a0379000717 : | ||
| 082 | 0 | 0 |
_a342.602 _bCON |
| 100 | _a20080729 | ||
| 110 | 2 | _aAsian-African Legal Consultative Committee. | |
| 245 | 1 | 0 |
_aConstitutions of African States : ( vol. 2) / _pMali to Zambia. |
| 260 |
_aNew Delhi, _aNew York, _bOceana Publications,1972 _cc1972. |
||
| 300 |
_av. _c24 cm. |
||
| 500 | _aDonations - AUC. | ||
| 500 | _aDonations. | ||
| 511 | _aCatalogued by: Sara. | ||
| 650 | 0 | _aConstitutions. | |
| 650 | 0 |
_aConstitutional law _zAfrica. |
|
| 942 |
_cNB _k342.602CON _2ddc |
||
| 999 |
_c9983 _d9983 |
||